Nacht over Java; (Record no. 5620)

MARC details
000 -LEADER
fixed length control field 00627cam a22002171 4500
001 - CONTROL NUMBER
control field af 48003501
003 - CONTROL NUMBER IDENTIFIER
control field DLC
005 - DATE AND TIME OF LATEST TRANSACTION
control field 20260227110902.0
008 - FIXED-LENGTH DATA ELEMENTS--GENERAL INFORMATION
fixed length control field 880929s1945 be b 000 1 dut c
010 ## - LIBRARY OF CONGRESS CONTROL NUMBER
LC control number af 48003501
035 ## - SYSTEM CONTROL NUMBER
System control number (OCoLC)18546506
040 ## - CATALOGING SOURCE
Original cataloging agency California. Univ. Libr.
Transcribing agency CU
Modifying agency CU
-- DLC
042 ## - AUTHENTICATION CODE
Authentication code premarc
050 00 - LIBRARY OF CONGRESS CALL NUMBER
Classification number PT5834.F32
Item number N3 1945
100 1# - MAIN ENTRY--PERSONAL NAME
Personal name Fabricius, Johan,
Dates associated with a name 1899-
245 10 - TITLE STATEMENT
Title Nacht over Java;
Remainder of title roman.
260 ## - PUBLICATION, DISTRIBUTION, ETC.
Place of publication, distribution, etc. Brussel,
Name of publisher, distributor, etc. A. Manteau
Date of publication, distribution, etc. [1945]
300 ## - PHYSICAL DESCRIPTION
Extent 147 p.
Dimensions 21 cm.
504 ## - BIBLIOGRAPHY, ETC. NOTE
Bibliography, etc. note "List van Javaansche en Maleische woorden": p. 142-147.
650 #0 - SUBJECT ADDED ENTRY--TOPICAL TERM
Topical term or geographic name entry element World War, 1939-1945
Form subdivision Fiction.

No items available.

Powered by Koha